000 00300nam a22001217a 4500
008 231204b |||||||| |||| 00| 0 eng d
100 _aPradeep Bahl
245 _aCurrent Criminal Reports Vol.III
260 _aDelhi
_bDelhi Law Office
_c1995
300 _a848
546 _aEnglish
942 _2ddc
_cBK
999 _c20315
_d20315